| 000 | 01280cam a2200373 i 4500 | ||
|---|---|---|---|
| 001 | 5985 | ||
| 003 | FISKH | ||
| 005 | 20250218111731.0 | ||
| 008 | 121128s2013 nyu d 000 1 eng | ||
| 010 | _a 2012042136 | ||
| 020 | _a9781250012579 (hardback) | ||
| 020 |
_a9781409157250 _c$13.50 |
||
| 020 | _a9781250031211 (ebook) | ||
| 040 |
_aDLC _beng _cDLC _erda _dDLC |
||
| 082 | _aPZ7.R79613 E | ||
| 084 | _a813.6 | ||
| 100 | 1 | _aRowell, Rainbow. | |
| 245 | 1 | 0 |
_aEleanor & Park / _cRainbow Rowell. |
| 260 |
_aLondon : Orion Paperback, _c2012. |
||
| 300 |
_a324 pages : _c20 cm |
||
| 336 |
_atext _2rdacontent |
||
| 337 |
_aunmediated _2rdamedia |
||
| 338 |
_avolume _2rdacarrier |
||
| 520 |
_a"Set over the course of one school year in 1986, this is the story of two star-crossed misfits--smart enough to know that first love almost never lasts, but brave and desperate enough to try"-- _cProvided by publisher. |
||
| 650 | 1 |
_aLove _vFiction. |
|
| 650 | 1 |
_aDating _vFiction. |
|
| 650 | 1 |
_aHigh schools _vFiction. |
|
| 650 | 1 |
_aSchools _vFiction. |
|
| 650 | 7 |
_aJUVENILE FICTION / Love & Romance. _2bisacsh |
|
| 651 | 1 |
_aOmaha (Neb.) _xHistory _y20th century _vFiction. |
|
| 906 |
_a7 _bcbc _corignew _d1 _eecip _f20 _gy-gencatlg |
||
| 942 |
_2ddc _cBK _n0 |
||
| 999 |
_c5985 _d5985 |
||